2ème plus grande commune de chaque pays d'Europe - Carte Quiz - Statistiques

Statistiques générales
  • Ce quiz a été pris 52 fois
  • Le résultat moyen est 22 sur 45
Réponses sur la Carte
Les réponses sont colorées sur une échelle allant du rouge au vert en fonction du pourcentage des utilisateurs qui les ont devinées à leur premier essai. Vous pouvez retrouver ces pourcentages ci-dessous.
 
Statistiques - réponses
Réponse % Correct
Barcelone
92%
Birmingham
92%
Aucune (Monaco)
87%
Aucune (Vatican)
85%
Marseille
82%
Porto
82%
Rotterdam
79%
Saint-Pétersbourg
79%
Genève
77%
Milan
77%
Hamburg
69%
Thessalonique
69%
Graz
67%
Cracovie
64%
Gand
64%
Göteborg
64%
Vaduz
62%
Cork
59%
Bergen
56%
Kharkov
54%
Arhus
49%
Split
49%
Brno
46%
Cluj-Napoca
46%
Tiraspol
44%
Esch-sur-Alzette
41%
Borgo Maggiore
38%
Kaunas
38%
Maribor
36%
Escaldes-Engordany
31%
Plovdiv
31%
Banja Luka
28%
Durrës
28%
Espoo
28%
Novi Sad
28%
Tartu
28%
Daugavpils
26%
Gomel
26%
Debrecen
23%
Il-Mosta
23%
Košice
23%
Kópavogur
18%
Prizren
15%
Nikšić
13%
Koumanovo
10%
Aucun quiz correspondant
Distribution des résultats
% des personnes avec chaque résultat
Percentile par nombre de réponses
Votre historique - résultats
Vous n’avez pas pris ce quiz